| 000 | 00697nam a2200217 a 4500 | ||
|---|---|---|---|
| 999 |
_c2274 _d2274 |
||
| 001 | 2274 | ||
| 003 | BD-JhCC | ||
| 005 | 20171031180058.0 | ||
| 008 | 171031s1971 bg ||||| |||| 00| 0 ben d | ||
| 035 | _a(BD-JhCC)2274 | ||
| 040 |
_aBD-JhCC _dBD-JhCC |
||
| 041 | _aben | ||
| 082 |
_a923.1 _bMIA 1971 |
||
| 100 | _aমিয়া, বন্দে আলী | ||
| 245 |
_aজীবন শিল্পী নজরুল / _cবন্দে আলী মিয়া |
||
| 260 |
_aঢাকা : _bআহমদ পাবলিশিং হাউস ; _c১৯৭১ |
||
| 300 |
_a৩০৯ পৃ. ; _c২২ সে.মি |
||
| 600 | _aIslam, Kazi Nazrul | ||
| 650 | _aBiography | ||
| 942 |
_2ddc _cBK |
||